| 000 | 01006nas a2200325 4500 | ||
|---|---|---|---|
| 001 | BR0701104 | ||
| 003 | BR-BrBNA | ||
| 005 | 20231205110621.0 | ||
| 007 | ta | ||
| 008 | 230509b bl.|||p| |||| 00| 00por d | ||
| 040 |
_aBR-BrBNA _bpor _cBiblioteca Nacional de Agricultura |
||
| 041 | _a(Pt) | ||
| 072 | _aF02 | ||
| 100 | 1 | _aPio, R. | |
| 100 | 1 | _aBastos, D.C. | |
| 100 | 1 | _aBerti, A.J. | |
| 100 | 1 | _aScarpare Filho, J.A. | |
| 100 | 1 | _aMourão Filho, F. de A.A. | |
| 100 | 1 | _aEntelmann, F.A. | |
| 100 | 1 | _aAlves, A.S.R. | |
| 100 | 1 | _aBettiol Neto, J.E. | |
| 245 | 1 | _aEnraizamento de diferentes tipos de estacas de oliveira (Olea europaea L.)utilizando ácido indolbutírico | |
| 650 | _aAZEITONA | ||
| 650 | _aENRAIZAMENTO DE ESTACA | ||
| 650 | _aÁCIDO INDOLBUTÍRICO | ||
| 650 | _aPROPAGAÇÃO VEGETATIVA | ||
| 773 | 0 |
_tCiência e Agrotecnologia (Brazil) _xISSN 1413-7054 _g(2005), v. 29(3) p. 562-567 _wBR0701104 |
|
| 909 |
_a202311 _bLúcia _c55 _dLúcia Elande |
||
| 942 |
_2AGRIS _n0 _cANA |
||
| 999 |
_c188204 _d188204 |
||